000
00300nam a22001337a 4500
008
180921b xxu||||| |||| 00| 0 eng d
020
_a
9780155713932
041
_a
eng
080
_2
5 ed
_a
338
100
_a
338
101
_a
KON
245
_a
Principles Accounting
_c
Hnason.H.W
942
_2
udc
_c
BK
999
_c
48200
_d
48200